Zmluvné typy.

Výklad zmluvných typov upravených v tretej časti v druhej hlave Obchodného zákonníka: mandátnej zmluvy, komisionárskej zmluvy, sprostredkovateľskej zmluvy o kontrolnej činnosti, zasielateľskej zmluvy, zmluvy o preprave vecí, zmluvy o nájme dopravného prostriedku, zmluvy o úvere, zmluvy o otvorení ak...

Ausführliche Beschreibung

Gespeichert in:
Bibliographische Detailangaben
1. Verfasser: Dědič, J.
Format: Buchkapitel
Sprache:Slowakisch
Schlagworte:
Tags: Tag hinzufügen
Keine Tags, Fügen Sie das erste Tag hinzu!

MARC

LEADER 00000naa a2200000 4500
001 r008608
005 20220831085709.5
041 0 |a slo 
044 |a [CS] 
245 1 0 |a Zmluvné typy.  |c J. Dědič 
520 |a Výklad zmluvných typov upravených v tretej časti v druhej hlave Obchodného zákonníka: mandátnej zmluvy, komisionárskej zmluvy, sprostredkovateľskej zmluvy o kontrolnej činnosti, zasielateľskej zmluvy, zmluvy o preprave vecí, zmluvy o nájme dopravného prostriedku, zmluvy o úvere, zmluvy o otvorení akreditívu, zmluvy o inkase, o uložení cenných papierov, o bežnom účte, o vkladovom účte. Úprava cestovného šeku a tichého spoločenstva. 
610 2 0 |a zmluvy obchodné 
610 2 0 |a zákonník obchodný 
610 2 0 |a zmluvy kontraktačné 
610 2 0 |a zmluvy komisionárske 
610 2 0 |a zmluvy prepravné 
100 1 |a Dědič, J.